|
|
|
|
| LEADER |
00000naa2a2200000 4500 |
| 001 |
74141 |
| 005 |
20231031084939.0 |
| 035 |
|
|
|a (RuTPU)RU\TPU\book\79076
|
| 090 |
|
|
|a 74141
|
| 100 |
|
|
|a 20050301d2000 k y0rusy50 ca
|
| 101 |
0 |
|
|a rus
|
| 102 |
|
|
|a RU
|
| 200 |
1 |
|
|a Методологические аспекты непрерывного многоуровневого гуманитарного образования
|f Т. П. Глухова, Е. С. Дементьева, Н. М. Коровкина
|
| 463 |
|
1 |
|0 (RuTPU)RU\TPU\book\14603
|t Проблемы и практика инженерного образования. Высшее техническое образование: Качество и интернационализация
|o труды IV Международной научно-практической конференции, 14-17 марта 2000 г., г. Томск
|f Томский политехнический университет
|v С. 33-34
|d 2000
|p 190 с.
|
| 610 |
1 |
|
|a непрерывное образование
|
| 610 |
1 |
|
|a гуманитарное образование
|
| 610 |
1 |
|
|a многоуровневое образование
|
| 610 |
1 |
|
|a методология
|
| 610 |
1 |
|
|a труды учёных ТПУ
|
| 700 |
|
1 |
|a Глухова
|b Т. П.
|
| 701 |
|
1 |
|a Дементьева
|b Е. С.
|
| 701 |
|
1 |
|a Коровкина
|b Н. М.
|
| 801 |
|
1 |
|a RU
|b 63413507
|c 20050301
|g PSBO
|
| 801 |
|
2 |
|a RU
|b 63413507
|c 20160219
|g RCR
|
| 942 |
|
|
|c BK
|